| 000 | 00966nam a22002897a 4500 | ||
|---|---|---|---|
| 001 | BR8108048 | ||
| 003 | BR-BrBNA | ||
| 005 | 20230928091131.0 | ||
| 007 | ta | ||
| 008 | 230509b bl.||||| |||| 00| 0 por d | ||
| 040 |
_aBR-BrBNA _bpor _cBiblioteca Nacional de Agricultura |
||
| 041 | _a(Por) | ||
| 072 |
_aF25 _b1930 _b3820 |
||
| 090 | _ 1930 BR8108048 | ||
| 100 | 1 | _aSilveira, J.S.M. | |
| 110 | 1 |
_aUniversidade Federal de Vicosa, MG (Brasil) _0Tese (Magister Scientiae) |
|
| 245 | 1 | _aCrescimento, composicao da fracao nitrogenada soluvel e transporte de nitrogenio em plantas de capim-coloniao (Panicum maximum Jacq.), em funcao das varias proporcoes de nitrato e amonio | |
| 260 | 3 |
_aVicosa, MG (Brasil): _c1981. |
|
| 300 | _a36 p. | ||
| 500 | _a10 illus.; 46 ref.; Summary (Por) | ||
| 650 | _aCAPIM COLONIAO | ||
| 650 | _aFERTILIZANTE NITROGENADO | ||
| 650 | _aAMONIA | ||
| 650 | _aNITRATO | ||
| 909 |
_a202309 _bLucia _c55 _dLucia Elande |
||
| 942 | _cBK | ||
| 999 |
_c32398 _d32398 |
||